00539nam a22001937a 450000500170000001000130001702000110003003500130004103700160005404000120007008200160008210000190009824500490011726000380016627000580020430000210026265000250028365000370030820170124110254.0 aB-021620 c400.00 aB-021620 bCen Lib/Ret aDPLbEN a954.56bBAL aBalwant Singh  aBeauty of the Himalayas /cby Balwant Singh  bBalwant Singh aSaharanpur c1999 bSaharanpur e247001aA-2/5, purana avas vikas colony  a302p. c21cm(Hb) aBeauty of Himalayas  aHimalayas -- Cultural Herritage